000 00546nam a2200217Ia 4500
003 OSt
005 20221002055021.0
006 a|||||r|||| 00| 0
007 ta
008 tuu
024 _a71478
037 _cReference Collections
040 _aCRL
_cCRL
_btuu
041 _2tuu
_atuu
082 _aP5, 168P6(RR)
100 _aHamid Asghar Au.
_9576609
245 0 _aTurki aur urdu zuban kay mushtarak alfaaz
260 _c2006
942 _hP5, 168P6(RR)
_cref
_2CC
999 _c926504
_d926504